| 000 | 00629cam a2200217 4500 | ||
|---|---|---|---|
| 001 | M98985 | ||
| 008 | 090401t1999 xxu||||| |||| 00| 0 eng d | ||
| 035 | _a(Sirsi) u99930 | ||
| 041 | _aeng | ||
| 110 |
_aRoyal Institution of Chartered Surveyors _94900 |
||
| 245 | _aRevision of Planning Policy Guidance Note 3 : Housing | ||
| 260 |
_bRoyal Institution of Chartered Surveyors _c1999 |
||
| 350 | _a0 | ||
| 490 |
_aRICS Policy Unit Submission _vPU/SUB/41 |
||
| 650 | _aDERELICT AND VACANT LAND | ||
| 650 | _aREGIONAL DEVELOPMENT AGENCIES | ||
| 650 | _aTRANSPORT | ||
| 690 | _aHOUSING | ||
| 942 | _n0 | ||
| 948 | _c03/06/1999 | ||
| 999 |
_c99526 _d99526 |
||